Normal view
MARC view
- Barrios Nogueira, Andrea
Entry Nombre Personal
001 - NUMERO DE CONTROL
- campo de control: 44330
003 - IDENTIFICADOR DE NUMERO DE CONTROL
- campo de control: DLC
005 - FECHA Y HORA DE LA ÜLTIMA TRANSACCIÓN
- campo de control: 20220428174239.0
008 - DATOS DE LONGITUD FIJA
- campo de control de longitud fija: 050316n| acannaabn |a aaa c
010 ## - NÚMERO DE CONTROL DE LA BIBLIOTECA DEL CONGRESO
- Número de control LC: nr2005007010
040 ## - FUENTE DE CATALOGACIÓN
- Agencia original de catalogación: UPB
- Lenguaje de catalogación: eng
- Agencia de transcripción: UPB
- Agencia que lo modifica: MX- Mx UPN
100 1# - ENCABEZAMIENTO - NOMBRE PERSONAL
- Nombre personal: Barrios Nogueira, Andrea
400 1# - VEÁSE - NOMBRE DE PERSONA
- Personal name: Nogueira, Andrea Barrios
670 ## - FUENTE EN LA QUE SE LOCALIZARON DATOS
- Cita de la fuente: Abriendo escuelas para la equidad, 2009:
- Información localizada: página legal (Andrea Barrios Nogueira)
